HP B3 C21 - Statistics

General Stats
  • This quiz has been taken 3 times
  • The average score is 33 of 67
Answer Stats
Term Answer % Correct
Avalancha Avalanche
100%
Comportamiento Behaviour
100%
Cinturón Belt
100%
Tambor Drum
100%
A Trechos A Few Stretches
50%
Cornamenta Antlers
50%
Almena Battlement
50%
Empequeñecer Become Smaller
50%
Vista Gorda Blind Eye
50%
Borroso Blurry
50%
Cerrojo Bolt
50%
Bordear Border
50%
Fulgor Brightness
50%
Arbusto Bush
50%
Trocear Chop Into Pieces
50%
Convincente Convincing
50%
Deslumbrante Dazzling
50%
Lombriz Earthworm
50%
Circundar Encircle
50%
Goce Enjoyment
50%
Párpado Eyelid
50%
Valla Fence
50%
Flanco Flank
50%
Huida Flight
50%
Lampazo Floor Mop
50%
Cejar Give Up
50%
Martillo Hammer
50%
Pender Hang
50%
Pezuña Hoof
50%
Intromisión Interference
50%
Plomo Lead
50%
Talante Mood
50%
Clavar Nail
50%
Travieso Naughty
50%
Candado Padlock
50%
Perentorio Peremptory
50%
Pellizco Pinch
50%
Atajar Put A Stop To
50%
Rienda Rein
50%
Jinete Rider
50%
Descartar Rule Out
50%
Salvador Saviour
50%
Abatir Shoot Down
50%
Tiro Shot
50%
Atiplado Shrill
50%
Costado Side
50%
Derrapar Skid
50%
Espolear Spur On
50%
Punzante Stabbing
50%
Ciervo Stag
50%
Enderezarse Stand Up Straight
50%
Camilla Stretcher
50%
Relato Tale
50%
Amarrar Tie Up
50%
Tirón Tug
50%
Desautorizar Undermine The Authority Of
50%
Comprensivo Understanding
50%
Impune Unpunished
50%
Esfumarse Vanish
50%
Chaleco Waistcoat
50%
Quienquiera Whoever
50%
Estrujar Wring
50%
Fachada Facade
0%
Inmiscuirse Meddle
0%
Alabado Praised
0%
Reanudar Renew
0%
Firmante Signatory
0%
No matching quizzes found
Score Distribution
Percent of People with Each Score
Percentile by Number Answered
Your Score History
You have not taken this quiz